000
00290nam a22001337a 4500
008
170929b xxu||||| |||| 00| 0 eng d
020
_a
9780131708693
041
_a
eng
080
_2
5TH
_a
37
100
_a
47
101
_a
EDU
245
_a
EXCEPTIONAL LIVE
_c
TURNBULL,A
942
_2
udc
_c
BK
999
_c
30701
_d
30701